Novelas exemplares y amorosas / (Record no. 168140)
[ view plain ]
| 000 -LEADER | |
|---|---|
| campo de control de longitud fija | 01101nam a2200205 i 4500 |
| 001 - NÚMERO DE CONTROL | |
| campo de control | 168140 |
| 003 - IDENTIFICADOR DE NÚMERO DE CONTROL | |
| campo de control | ES-MaACL |
| 005 - FECHA Y HORA DE LA ÚLTIMA TRANSACCIÓN | |
| campo de control | 20230906213712.0 |
| 008 - DATOS DE LONGITUD FIJA--INFORMACIÓN GENERAL | |
| campo de control de longitud fija | 001005s1795 sp |||| | spa d |
| 040 ## - FUENTE DE CATALOGACIÓN | |
| Centro catalogador/agencia de origen | CCPB | B |
| Lengua de catalogación | spa |
| Centro/agencia transcriptor | CCPB | B |
| 100 1# - ENTRADA PRINCIPAL--NOMBRE DE PERSONA | |
| Nombre de persona | Zayas y Sotomayor, María de. |
| 9 (RLIN) | 118124 |
| 245 10 - MENCIÓN DEL TÍTULO | |
| Título | Novelas exemplares y amorosas / |
| Mención de responsabilidad, etc. | de Doña Maria de Zayas y Sotomayor ... ; primera y segunda parte. |
| 250 ## - MENCION DE EDICION | |
| Mención de edición | Corregidas y emnendadas en esta ultima impression. |
| 260 ## - PUBLICACIÓN, DISTRIBUCIÓN, ETC. | |
| Lugar de publicación, distribución, etc. | Madrid : |
| Nombre del editor, distribuidor, etc. | por Plácido Barco Lopez, |
| Fecha de publicación, distribución, etc. | 1795. |
| 300 ## - DESCRIPCIÓN FÍSICA | |
| Extensión | [4], 536 p. ; |
| Dimensiones | 4º. |
| 505 8# - NOTA DE CONTENIDO CON FORMATO | |
| Nota de contenido con formato | Contiene: Aventurarse perdiendo, p. 5 ; La burlada Aminta y venganza del honor, p. 35 ; El castigo de la miseria, p. 61 ; El prevenido engañado, p. 87 ; La fuerza del amor, p. 119 ; El desengañado amado y premio de la virtud, p. 133 ; Al fin se paga todo, p. 156 ; El imposible vencido, p. 175. El Juez de su causa, p. 196 ; El jardin engañoso, p. 213. Desengaños, p. 233 |
| 596 ## - NOTA AL PIE DE IMPRENTA | |
| NOTA AL PIE DE IMPRENTA | Marca tip. en port. |
| 597 ## - NOTA DE DESCRIPCIÓN FÍSICA | |
| NOTA DE DESCRIPCIÓN FÍSICA | Sign. : A-Z8, 2A-2K8, 2L4, 2M. |
| 852 ## - LOCALIZACIÓN | |
| Ubicación | ES-MaACL |
| Número de control de estantería | R-352 |
| Nota libre | -- Enc. pasta |
| Encuadernación | Olim: F-4303 |
| Estatus retirado | Estado de pérdida | Estado de daño | No para préstamo | Colección | Biblioteca de origen | Biblioteca actual | Ubicación en estantería | Fecha de adquisición | Fuente de adquisición | Total de préstamos | Signatura topográfica completa | Código de barras | Visto por última vez | Precio de reemplazo | Tipo de ítem Koha |
|---|---|---|---|---|---|---|---|---|---|---|---|---|---|---|---|
| Libros del s. XVIII | Biblioteca del Ateneo de Madrid | Biblioteca del Ateneo de Madrid | Depósito | 17/01/2008 | R-352 | 1176422 | 23/02/2023 | 23/02/2023 | Libro impreso antiguo |
